|
|
|
|
| LEADER |
00000nam0a2200000 4500 |
| 001 |
141909 |
| 005 |
20231031142557.0 |
| 010 |
|
|
|a 3540440720
|
| 035 |
|
|
|a (RuTPU)RU\TPU\book\153807
|
| 090 |
|
|
|a 141909
|
| 100 |
|
|
|a 20080828d2003 k y0engy50 ba
|
| 101 |
0 |
|
|a eng
|
| 102 |
|
|
|a DE
|
| 105 |
|
|
|a a z 001zy
|
| 200 |
1 |
|
|a Quality Assessment of Textiles. Damage Detection by Microscopy
|f K. Mahall
|
| 205 |
|
|
|a Second Edition
|
| 210 |
|
|
|a Berlin
|c Springer-Verlag
|d 2003
|
| 215 |
|
|
|a 238 p.
|c il.
|
| 320 |
|
|
|a References: p. 222-225.
|
| 320 |
|
|
|a Subject Index: p. 231-234.
|
| 610 |
1 |
|
|a текстильная промышленность
|
| 610 |
1 |
|
|a текстиль
|
| 610 |
1 |
|
|a ткани
|
| 610 |
1 |
|
|a текстильные материалы
|
| 610 |
1 |
|
|a дефекты
|
| 610 |
1 |
|
|a пороки
|
| 610 |
1 |
|
|a качество
|
| 610 |
1 |
|
|a оценка
|
| 610 |
1 |
|
|a повреждения
|
| 610 |
1 |
|
|a микроскопические исследования
|
| 610 |
1 |
|
|a английский язык
|
| 675 |
|
|
|a 677.019
|v 3
|
| 700 |
|
1 |
|a Mahall
|b K.
|g Karl
|
| 801 |
|
1 |
|a RU
|b 63413507
|c 20080828
|g PSBO
|
| 801 |
|
2 |
|a RU
|b 63413507
|c 20080926
|g PSBO
|
| 942 |
|
|
|c BK
|